| 000 | 00603cam a2200193 a 4500 | ||
|---|---|---|---|
| 001 | 000001251 | ||
| 005 | 20200929145523.0 | ||
| 008 | 800409s1974 cr 000 1 spa | ||
| 040 |
_aDO-SdBNP _bspa _cBNPHU |
||
| 082 |
_aCR863.44 _bL747e |
||
| 100 | 1 |
_aLindo, Hugo, _d1917- _94256 |
|
| 245 | 1 | 0 |
_aEspejos paralelos / _cHugo Lindo. |
| 260 |
_aSan José, Costa Rica : _bUniversitaria Centroamericana EDUCA, _c1974. |
||
| 300 |
_a181 p. ; _c18 cm. |
||
| 650 | 4 |
_aNovela de ciencia ficción costarricense _94257 |
|
| 650 | 4 |
_aLiteratura costarricense _93332 |
|
| 910 | _aCatalogación derivada | ||
| 910 | _aWM | ||
| 999 |
_c1195 _d1195 |
||